Time do Santos no seu útimo título - Statistics

Estatísticas Gerais
  • Esse quiz foi jogado 41 vezes
  • A pontuação média é 12 de 23
Estatísticas das Respostas
Posição Jogador % Correto
GOL 77 Gabriel Brazão
100%
PE 11 Guilherme
94%
LE 31 Gonzalo Escobar
81%
ZAG 4 Gil
75%
PD 22 Rômulo Otero
72%
MAT 20 Giuliano
67%
ZAG 14 Luan Peres
67%
LD 44 João Pedro Chermont
64%
CA 9 Julio Furch
64%
VOL 5 João Schmidt
58%
LE 33 Souza
58%
ZAG 15 João Basso
50%
LD 3 Hayner
47%
CA 19 Wendel Silva
39%
CA 27 William
39%
MAT 66 Laquintana
36%
MAT 88 Patrick
33%
VOL 25 Alison
31%
VOL 23 Sandry
31%
GOL 18 Renan
25%
PE 81 Blly Arce
19%
MC 35 Hyan
14%
VOL 28 Vinicius Balieiro
6%
Nenhum quiz correspondente encontrado
Distribuição das Pontuações
Porcentagem de Pessoas com Cada Pontuação
Percentil de Números Respondidos
Sua Pontuação Histórica
Você não jogou esse quiz